000 00731nam a2200229 a 4500
999 _c11740
_d11740
001 11740
003 BD-JhCC
005 20230205134024.0
008 200820b2006 enk |||| ||a| 000 0 eng d
020 _a9960980316
035 _a(BD-JhCC)11740
040 _aBD-JhCC
_dBD-JhCC
041 _aeng
082 _a297.63
_bWAH 2006
100 _aWahab, Shaikh Abdullah Ibn Al-Shaikh Muhammad Ibn Abdul
245 _aBiography Of The Prophet /
_cShaikh Abdullah Ibn Al-Shaikh Muhammad Ibn Abdul Wahab .
260 _aLondon:
_bDarusslam;
_c2006.
300 _a480 p. :
_c22 cm.
650 _aMuḼammad, Prophet, -632
_vArabian Peninsula
_xIslam
_yPolitics and government
_zIslam and state
942 _2ddc
_cBK
_013